[Event "Charleroi op"]
[Site "Roux"]
[Date "2019.07.28"]
[Round "2"]
[White "Ramacker, Quinten"]
[Black "Hoffmeister, Frank"]
[Result "0-1"]
[WhiteElo "2006"]
[BlackElo "2187"]
[PlyCount "84"]
[EventDate "2019.07.27"]
[EventType "swiss"]
[EventRounds "9"]
[EventCountry "BEL"]
[SourceTitle "CBM 191 Extra"]
[Source "ChessBase"]
[SourceDate "2019.09.30"]
[SourceVersion "1"]
[SourceVersionDate "2019.09.30"]
[SourceQuality "1"]

1. e4 e6 2. d4 d5 3. Bd3 dxe4 4. Bxe4 Nf6 5. Bf3 Nc6 6. Be3 Bd6 7. Nc3 0-0 8. Nge2 e5 9. 0-0 Bg4 10. d5 Bxf3 11. gxf3 Ne7 12. Bg5 Ng6 13. Ng3 h6 14. Be3 Bb4 15. Nge4 Bxc3 16. Nxc3 Qd7 17. Ne4 Nxd5 18. c4 Qh3 19. Kh1 Nh4 20. Rg1 Nxe3 21. fxe3 Rad8 22. Qe2 Qxf3+ 23. Qxf3 Nxf3 24. Rg3 Nh4 25. Rag1 g6 26. Nf6+ Kg7 27. Nh5+ Kh7 28. Nf6+ Kg7 29. Nh5+ Kh8 30. Rh3 g5 31. Nf6 Rd6 32. Ng4 e4 33. c5 Re6 34. Rd1 f5 35. Nf2 Rf7 36. Rd8+ Kg7 37. Nd1 Ree7 38. Nc3 Rd7 39. Ra8 Rd2 40. Rxa7 Rxb2 41. Rg3 Rc2 42. Ra3 Nf3 0-1

[Event "BEL-ch U20"]
[Site "Blankenberge"]
[Date "2017.04.10"]
[Round "3"]
[White "Ramacker, Quinten"]
[Black "Chaerle, Josse"]
[Result "0-1"]
[WhiteElo "2013"]
[BlackElo "1961"]
[PlyCount "54"]
[EventDate "2017.04.09"]
[EventType "swiss"]
[EventRounds "9"]
[EventCountry "BEL"]
[SourceTitle "CBM 178 Extra"]
[Source "ChessBase"]
[SourceDate "2017.06.22"]
[SourceVersion "1"]
[SourceVersionDate "2017.06.22"]
[SourceQuality "1"]

1. e4 c5 2. Nf3 Nc6 3. d4 cxd4 4. Nxd4 e5 5. Nb5 a6 6. Nd6+ Bxd6 7. Qxd6 Qf6 8. Qc7 Nge7 9. Nc3 b5 10. Be3 0-0 11. 0-0-0 Nd4 12. f4 d6 13. Qb6 Nec6 14. Nd5 Qh4 15. c3 Rb8 16. Qc7 Bg4 17. g3 Qh5 18. Rd2 Rbc8 19. Qxd6 Rfd8 20. Qc5 Bf3 21. g4 Qh4 22. Bg2 Ne2+ 23. Kb1 Bxg2 24. Rhd1 Bxe4+ 25. Ka1 Rxd5 26. Rxd5 Bxd5 27. Bf2 Qe7 0-1

[Event "BEL-ch U20"]
[Site "Blankenberge"]
[Date "2017.04.10"]
[Round "2"]
[White "Snoeks, Pieter Jan"]
[Black "Ramacker, Quinten"]
[Result "1/2-1/2"]
[WhiteElo "1888"]
[BlackElo "2013"]
[PlyCount "30"]
[EventDate "2017.04.09"]
[EventType "swiss"]
[EventRounds "9"]
[EventCountry "BEL"]
[SourceTitle "CBM 178 Extra"]
[Source "ChessBase"]
[SourceDate "2017.06.22"]
[SourceVersion "1"]
[SourceVersionDate "2017.06.22"]
[SourceQuality "1"]

1. d4 Nf6 2. c4 e6 3. Nf3 b6 4. g3 Ba6 5. Qc2 d5 6. c5 bxc5 7. dxc5 Nbd7 8. b4 Qb8 9. a3 c6 10. Nd4 Qb7 11. Bd2 g6 12. a4 e5 13. Nb3 Qc7 14. Na3 Rb8 15. b5 Bb7 1/2-1/2

[Event "Wch U18"]
[Site "Khanty-Mansiysk"]
[Date "2016.09.29"]
[Round "7"]
[White "Gong, Patrick"]
[Black "Ramacker, Quinten"]
[Result "1-0"]
[WhiteElo "2143"]
[BlackElo "1947"]
[PlyCount "79"]
[EventDate "2016.09.22"]
[EventType "swiss"]
[EventRounds "11"]
[EventCountry "RUS"]
[SourceTitle "EXT 2017"]
[Source "ChessBase"]
[SourceDate "2016.10.25"]
[SourceVersion "1"]
[SourceVersionDate "2016.10.25"]
[SourceQuality "1"]

1. e4 c5 2. c3 d5 3. exd5 Qxd5 4. d4 Nc6 5. Nf3 e5 6. Nxe5 Nxe5 7. dxe5 Qxe5+ 8. Be3 Nf6 9. Bb5+ Bd7 10. Bxd7+ Nxd7 11. Nd2 Be7 12. Qf3 Qc7 13. Bf4 Qb6 14. 0-0-0 0-0 15. Rhe1 Bd6 16. Bxd6 Qxd6 17. Ne4 Qe6 18. Kb1 Ne5 19. Qh5 g6 20. Qh4 Qf5 21. g4 Qf4 22. Ng5 h5 23. Re4 Qf6 24. gxh5 Nf3 25. Nxf3 Qxf3 26. Qg4 Qxg4 27. Rxg4 Kg7 28. Rd7 Kf6 29. hxg6 fxg6 30. Rxb7 Rae8 31. Rf4+ Kg5 32. Rc4 Re2 33. Rxc5+ Kh6 34. f4 Rf2 35. Rc4 Re8 36. a4 Ree2 37. h4 Rh2 38. Rc8 Kh5 39. Rg8 Re6 40. f5 1-0

[Event "Wch U18"]
[Site "Khanty-Mansiysk"]
[Date "2016.09.25"]
[Round "4"]
[White "Ramacker, Quinten"]
[Black "Petrovskis, Olegs"]
[Result "1/2-1/2"]
[WhiteElo "1947"]
[BlackElo "2159"]
[PlyCount "50"]
[EventDate "2016.09.22"]
[EventType "swiss"]
[EventRounds "11"]
[EventCountry "RUS"]
[SourceTitle "EXT 2017"]
[Source "ChessBase"]
[SourceDate "2016.10.25"]
[SourceVersion "1"]
[SourceVersionDate "2016.10.25"]
[SourceQuality "1"]

1. e4 c5 2. Nf3 d6 3. d4 cxd4 4. Nxd4 Nf6 5. Nc3 a6 6. Bg5 e6 7. f4 Be7 8. Qf3 Qc7 9. 0-0-0 Nbd7 10. g4 h6 11. Bxf6 Bxf6 12. h4 g5 13. hxg5 hxg5 14. Rxh8+ Bxh8 15. fxg5 Ne5 16. Qh3 Ng6 17. Qh7 Bxd4 18. Rxd4 Qc5 19. Qg8+ Ke7 20. Rc4 Qe3+ 21. Kd1 Ne5 22. Rc7+ Bd7 23. Qxa8 Nf3 24. Rxd7+ Kxd7 25. Qxb7+ Kd8 1/2-1/2

[Event "Brasschaat op 15th"]
[Site "Brasschaat"]
[Date "2015.08.20"]
[Round "6"]
[White "Van Mechelen, Jan"]
[Black "Ramacker, Quinten"]
[Result "1/2-1/2"]
[WhiteElo "2243"]
[BlackElo "1978"]
[PlyCount "85"]
[EventDate "2015.08.15"]
[EventType "swiss"]
[EventRounds "9"]
[EventCountry "BEL"]
[SourceTitle "EXT 2016"]
[Source "ChessBase"]
[SourceDate "2015.10.08"]
[SourceVersion "1"]
[SourceVersionDate "2015.10.08"]
[SourceQuality "1"]

1. Nf3 Nf6 2. c4 e6 3. g3 b6 4. Bg2 Bb7 5. 0-0 Be7 6. b3 0-0 7. Bb2 d6 8. d4 c5 9. d5 exd5 10. Nh4 Ne4 11. cxd5 Bf6 12. Qc2 Bxb2 13. Qxb2 Qf6 14. Qxf6 Nxf6 15. Nf5 Rd8 16. Nc3 Kf8 17. e4 Ne8 18. Rfe1 g6 19. Ne3 Nd7 20. f4 f6 21. Nc4 Ba6 22. a4 Bxc4 23. bxc4 Nc7 24. Nb5 Nxb5 25. axb5 Re8 26. Bh3 Ke7 27. Ra2 Kd8 28. Kf2 Re7 29. Bg2 Kc7 30. Rea1 Kb7 31. Kf3 Nb8 32. h4 a5 33. bxa6+ Rxa6 34. Rxa6 Nxa6 35. h5 Nb4 36. hxg6 hxg6 37. Rh1 f5 38. exf5 gxf5 39. g4 fxg4+ 40. Kxg4 Rg7+ 41. Kf3 Nc2 42. Rh6 Nd4+ 43. Ke4 1/2-1/2

[Event "BEL-ch U18"]
[Site "Blankenberge"]
[Date "2015.04.18"]
[Round "9"]
[White "De Block, Yordi"]
[Black "Ramacker, Quinten"]
[Result "1-0"]
[WhiteElo "2005"]
[BlackElo "2070"]
[PlyCount "79"]
[EventDate "2015.04.12"]
[EventType "swiss"]
[EventRounds "9"]
[EventCountry "BEL"]
[SourceTitle "CBM 166 Extra"]
[Source "ChessBase"]
[SourceDate "2015.06.18"]
[SourceVersion "1"]
[SourceVersionDate "2015.06.18"]
[SourceQuality "1"]

1. d4 Nf6 2. Bg5 Ne4 3. Bf4 c5 4. d5 d6 5. f3 Nf6 6. e4 Nbd7 7. Nd2 g6 8. Ne2 Bg7 9. Nc3 0-0 10. g4 a6 11. a4 Ne8 12. Nc4 Rb8 13. h4 Nb6 14. Qd2 Nxc4 15. Bxc4 Qb6 16. Nd1 Bd7 17. a5 Qd8 18. h5 Bb5 19. Bxb5 axb5 20. Bh6 f6 21. hxg6 hxg6 22. Nc3 b4 23. Ne2 Kf7 24. Nf4 Rh8 25. Ne6 Qd7 26. Kf2 Bxh6 27. Rxh6 Ng7 28. Rah1 Rxh6 29. Rxh6 Nxe6 30. dxe6+ Qxe6 31. Rh7+ Ke8 32. Rh8+ Kd7 33. Rxb8 Kc7 34. Rh8 Qe5 35. Rh7 Kd8 36. c3 bxc3 37. bxc3 c4 38. Rh8+ Kc7 39. Qd4 Qxa5 40. Qxc4+ 1-0

[Event "BEL-ch U18"]
[Site "Blankenberge"]
[Date "2015.04.12"]
[Round "1"]
[White "Wertz, Clara"]
[Black "Ramacker, Quinten"]
[Result "1-0"]
[WhiteElo "1697"]
[BlackElo "2070"]
[PlyCount "77"]
[EventDate "2015.04.12"]
[EventType "swiss"]
[EventRounds "9"]
[EventCountry "BEL"]
[SourceTitle "CBM 166 Extra"]
[Source "ChessBase"]
[SourceDate "2015.06.18"]
[SourceVersion "1"]
[SourceVersionDate "2015.06.18"]
[SourceQuality "1"]

1. c4 Nf6 2. Nc3 e6 3. g3 c5 4. Bg2 Nc6 5. d3 Be7 6. Nf3 0-0 7. 0-0 d5 8. cxd5 exd5 9. d4 Re8 10. e3 Bg4 11. Qb3 Nb4 12. dxc5 Bxc5 13. Nd4 Be6 14. a3 Nd3 15. Nxe6 Rxe6 16. Nxd5 Ne5 17. Nxf6+ Rxf6 18. Qxb7 Rb8 19. Qd5 Qe7 20. b4 Bd6 21. Bb2 Rd8 22. Qb7 Rd7 23. Qe4 Re6 24. Rac1 Rd8 25. Qb7 Qf6 26. Bxe5 Rxe5 27. Qxa7 Qh6 28. Qb6 Rb8 29. Qc6 Rh5 30. h3 Rd8 31. Rfd1 g5 32. b5 g4 33. h4 Rf5 34. b6 Rf6 35. Qa4 Rb8 36. b7 Kg7 37. Rc8 Bxg3 38. Qxg4+ Rg6 39. Qd4+ 1-0

[Event "Brasschaat op 13th"]
[Site "Brasschaat"]
[Date "2013.08.24"]
[Round "8"]
[White "Beniest, Rene"]
[Black "Ramacker, Quinten"]
[Result "0-1"]
[WhiteElo "2138"]
[BlackElo "1841"]
[PlyCount "58"]
[EventDate "2013.08.17"]
[EventType "swiss"]
[EventRounds "9"]
[EventCountry "BEL"]
[SourceTitle "CBM 156 Extra"]
[Source "ChessBase"]
[SourceDate "2013.10.22"]
[SourceVersion "1"]
[SourceVersionDate "2013.10.22"]
[SourceQuality "1"]

1. d4 Nf6 2. c4 e6 3. Nc3 Bb4 4. e3 0-0 5. Nge2 d5 6. a3 Be7 7. Nf4 Bd6 8. Qf3 c6 9. cxd5 exd5 10. h3 Qc7 11. Nh5 Nxh5 12. Qxh5 f5 13. Bd3 g6 14. Qd1 Qe7 15. Qf3 Nd7 16. Bd2 Nf6 17. 0-0-0 b5 18. Nb1 Rb8 19. Rdg1 b4 20. a4 Be6 21. b3 c5 22. dxc5 Rfc8 23. Kb2 Be5+ 24. Ka2 Qxc5 25. Rc1 Qa5 26. Rxc8+ Rxc8 27. Na3 Ne4 28. Qe2 Nxd2 29. Qxd2 Bc3 0-1

[Event "Brasschaat op 13th"]
[Site "Brasschaat"]
[Date "2013.08.22"]
[Round "6"]
[White "Kabos, Tobias"]
[Black "Ramacker, Quinten"]
[Result "1-0"]
[WhiteElo "2294"]
[BlackElo "1841"]
[PlyCount "61"]
[EventDate "2013.08.17"]
[EventType "swiss"]
[EventRounds "9"]
[EventCountry "BEL"]
[SourceTitle "CBM 156 Extra"]
[Source "ChessBase"]
[SourceDate "2013.10.22"]
[SourceVersion "1"]
[SourceVersionDate "2013.10.22"]
[SourceQuality "1"]

1. e4 c5 2. c3 Nf6 3. e5 Nd5 4. Nf3 e6 5. d4 cxd4 6. cxd4 d6 7. Nc3 Nxc3 8. bxc3 Qc7 9. Bd2 Nd7 10. Ng5 dxe5 11. Qh5 Nf6 12. Bb5+ Kd8 13. Qxf7 a6 14. Be2 h6 15. Nxe6+ Bxe6 16. Qxe6 exd4 17. cxd4 Rc8 18. 0-0 Ba3 19. Bf3 b6 20. Rab1 Bd6 21. Rfc1 Re8 22. Rxc7 Rxe6 23. Rxg7 Rc2 24. Bxh6 Rb2 25. Rf1 Ne4 26. Be3 Nd2 27. Rc1 Nxf3+ 28. gxf3 Bxh2+ 29. Kf1 Bd6 30. Bg5+ Be7 31. Rxe7 1-0

[Event "Brasschaat op 13th"]
[Site "Brasschaat"]
[Date "2013.08.18"]
[Round "2"]
[White "Dardha, Arben"]
[Black "Ramacker, Quinten"]
[Result "1-0"]
[WhiteElo "2272"]
[BlackElo "1841"]
[PlyCount "85"]
[EventDate "2013.08.17"]
[EventType "swiss"]
[EventRounds "9"]
[EventCountry "BEL"]
[SourceTitle "CBM 156 Extra"]
[Source "ChessBase"]
[SourceDate "2013.10.22"]
[SourceVersion "1"]
[SourceVersionDate "2013.10.22"]
[SourceQuality "1"]

1. b3 d5 2. Bb2 c5 3. e3 Nc6 4. Nf3 Bg4 5. Bb5 Rc8 6. h3 Bxf3 7. Qxf3 a6 8. Bxc6+ Rxc6 9. 0-0 Nf6 10. d3 e6 11. Qg3 g6 12. f4 Bg7 13. Qf3 0-0 14. e4 c4 15. e5 Nd7 16. dxc4 dxc4 17. Nc3 f6 18. exf6 Bxf6 19. Rad1 Qc7 20. b4 Qb6+ 21. Kh1 Qxb4 22. Rxd7 Qxb2 23. Ne4 Bg7 24. c3 e5 25. Nd6 Qd2 26. Rd1 e4 27. Qg4 Qxf4 28. Qe6+ Kh8 29. Nf7+ Kg8 30. Nh6+ Kh8 31. Nf7+ Kg8 32. Nd6+ Kh8 33. Rd8 Rxd6 34. Qxd6 Rxd8 35. Qxd8+ Bf8 36. Qd4+ Bg7 37. Qd8+ Bf8 38. Kg1 Qe3+ 39. Kh1 Qf4 40. Kg1 Qe3+ 41. Kf1 Kg8 42. Qd5+ Kh8 43. Qf7 1-0

[Event "Charleroi TIPC op 12th"]
[Site "Charleroi"]
[Date "2013.07.31"]
[Round "6"]
[White "Ramacker, Quinten"]
[Black "Werner, Guy"]
[Result "1/2-1/2"]
[WhiteElo "1833"]
[BlackElo "1764"]
[PlyCount "180"]
[EventDate "2013.07.27"]
[EventType "swiss"]
[EventRounds "9"]
[EventCountry "BEL"]
[SourceTitle "EXT 2018"]
[Source "ChessBase"]
[SourceDate "2017.10.13"]
[SourceVersion "1"]
[SourceVersionDate "2017.10.13"]
[SourceQuality "1"]

1. e4 c5 2. Nf3 Nc6 3. d4 cxd4 4. Nxd4 e5 5. Nb5 a6 6. Nd6+ Bxd6 7. Qxd6 Qf6 8. Qc7 Nge7 9. Nc3 Nb4 10. Bd3 0-0 11. 0-0 d5 12. Qc5 Nxd3 13. cxd3 d4 14. Ne2 g5 15. h4 h6 16. hxg5 hxg5 17. Bxg5 Qxg5 18. f4 b6 19. Qxc8 Raxc8 20. fxg5 Rc2 21. Ng3 Rxb2 22. Nh5 Rc8 23. Nf6+ Kg7 24. Rf2 Rxf2 25. Kxf2 Rc2+ 26. Kg1 b5 27. Ng4 Nc6 28. Nh6 b4 29. Rf1 Nd8 30. Ng4 Rxa2 31. Nxe5 Ra5 32. Nf3 b3 33. Rb1 Nc6 34. Rxb3 Rb5 35. Rxb5 axb5 36. Nd2 Na5 37. Kf1 Kg6 38. Nf3 Nc6 39. Ke1 Kh5 40. Nd2 Kxg5 41. Nb3 Kg4 42. Ke2 Kg3 43. Kf1 Kf4 44. Kf2 Ke5 45. Ke2 Nd8 46. g3 Ne6 47. Kd2 Kf6 48. Ke2 Kg6 49. Kf3 Kg5 50. g4 Kf6 51. Kg3 Ke5 52. Kf3 b4 53. Nd2 Nc5 54. Nc4+ Kf6 55. Nb2 b3 56. Kf4 Ne6+ 57. Kg3 Kg5 58. Kf3 Kf6 59. Nc4 Ke7 60. Ke2 Nc5 61. Nb2 Ke6 62. g5 Ke7 63. Kf3 Ke6 64. Kf4 Nd7 65. Nc4 Nf8 66. Nb2 Ng6+ 67. Kg4 Ne5+ 68. Kf4 Nc6 69. Na4 Na5 70. e5 Kd5 71. Kf5 Nc6 72. Nb2 Nxe5 73. Kf6 Nf3 74. Kf5 Kc6 75. Ke4 Nxg5+ 76. Kxd4 f5 77. Kc3 Kd5 78. Kxb3 Kd4 79. Kc2 Ke3 80. Nd1+ Ke2 81. Nc3+ Ke1 82. Nd5 Ne6 83. d4 Ke2 84. Nc3+ Ke3 85. d5 Nd4+ 86. Kd1 Kd3 87. Nb1 f4 88. Nd2 Ke3 89. d6 Ne6 90. d7 f3 1/2-1/2

[Event "BEL-ch op"]
[Site "Antwerp"]
[Date "2013.07.07"]
[Round "2"]
[White "Van Melkebeke, Willem"]
[Black "Ramacker, Quinten"]
[Result "1/2-1/2"]
[WhiteElo "1988"]
[BlackElo "1833"]
[PlyCount "78"]
[EventDate "2013.07.06"]
[EventType "swiss"]
[EventRounds "9"]
[EventCountry "BEL"]
[SourceTitle "CBM 155 Extra"]
[Source "ChessBase"]
[SourceDate "2013.08.26"]
[SourceVersion "1"]
[SourceVersionDate "2013.08.26"]
[SourceQuality "1"]

1. e4 c5 2. Nf3 e6 3. g3 Nc6 4. Bg2 Qc7 5. 0-0 Nf6 6. Qe2 d6 7. Rd1 Be7 8. d4 cxd4 9. Nxd4 Nxd4 10. Rxd4 Bd7 11. c4 Rc8 12. b3 Bc6 13. Nc3 a6 14. Bb2 0-0 15. Rad1 Rfd8 16. Kh1 Ne8 17. R4d2 Bf6 18. f4 b6 19. a4 Rb8 20. Rc1 Qb7 21. Ba3 Rd7 22. Nd5 Bd8 23. Nb4 Be7 24. Nxc6 Qxc6 25. Rcd1 Qc7 26. e5 Rbd8 27. Bf3 Bf8 28. Qd3 g6 29. g4 a5 30. f5 d5 31. Bxf8 Kxf8 32. cxd5 Qxe5 33. Re2 Qf6 34. fxe6 fxe6 35. Bg2 Kg7 36. Rf1 Rxd5 37. Qe3 Rd1 38. Ree1 Rxe1 39. Qxe1 Qe7 1/2-1/2

[Event "EU-ch U14"]
[Site "Prague"]
[Date "2012.08.25"]
[Round "9"]
[White "Sorin, Ilya"]
[Black "Ramacker, Quinten"]
[Result "1-0"]
[WhiteElo "1575"]
[BlackElo "1805"]
[PlyCount "81"]
[EventDate "2012.08.17"]
[EventType "swiss"]
[EventRounds "9"]
[EventCountry "CZE"]
[SourceTitle "CBM 150 Extra"]
[Source "ChessBase"]
[SourceDate "2012.10.19"]
[SourceVersion "1"]
[SourceVersionDate "2012.10.19"]
[SourceQuality "1"]

1. e4 c5 2. Nf3 e6 3. d4 cxd4 4. Nxd4 Nc6 5. Nc3 Qc7 6. Be3 a6 7. Bd3 Nf6 8. 0-0 Be7 9. f4 d6 10. Qf3 0-0 11. Rae1 b5 12. e5 Nxd4 13. Bxd4 Bb7 14. Qh3 dxe5 15. fxe5 Bc5 16. Bxc5 Qxc5+ 17. Kh1 g6 18. exf6 Qg5 19. Be4 Bd5 20. Bxd5 exd5 21. Nxd5 h5 22. Qe3 Qxe3 23. Rxe3 Rad8 24. Rd1 Kh7 25. Ree1 Rd6 26. Rf1 Rc6 27. Nb4 Rc4 28. c3 a5 29. Nd5 Rc5 30. Ne7 b4 31. Rd5 Rc4 32. Rd4 Rxd4 33. cxd4 Rd8 34. d5 Rd6 35. Rd1 Kh6 36. h4 Kh7 37. Nc8 Rd8 38. Nb6 Rd6 39. Nc4 Rd8 40. d6 Kg8 41. d7 1-0

[Event "EU-ch U14"]
[Site "Prague"]
[Date "2012.08.17"]
[Round "1"]
[White "Foniak, Ivan"]
[Black "Ramacker, Quinten"]
[Result "1-0"]
[WhiteElo "2067"]
[BlackElo "1805"]
[PlyCount "63"]
[EventDate "2012.08.17"]
[EventType "swiss"]
[EventRounds "9"]
[EventCountry "CZE"]
[SourceTitle "CBM 150 Extra"]
[Source "ChessBase"]
[SourceDate "2012.10.19"]
[SourceVersion "1"]
[SourceVersionDate "2012.10.19"]
[SourceQuality "1"]

1. e4 c5 2. Nf3 e6 3. d4 cxd4 4. Nxd4 Nc6 5. Nc3 Qc7 6. Be3 a6 7. Nxc6 bxc6 8. Bd3 Nf6 9. 0-0 d5 10. Qe2 Be7 11. Na4 0-0 12. Bb6 Qb8 13. c4 Nd7 14. Be3 Nf6 15. Nb6 Bb7 16. Nxa8 Qxa8 17. c5 e5 18. b4 a5 19. a3 dxe4 20. Bc4 Nd5 21. Rfc1 axb4 22. Bxd5 cxd5 23. axb4 Qe8 24. b5 d4 25. c6 Bxc6 26. bxc6 dxe3 27. Qxe3 f5 28. c7 Qd7 29. Qb3+ Kh8 30. Qb8 Qd6 31. Qxf8+ Bxf8 32. c8Q 1-0

[Event "BEL-ch U14"]
[Site "Bruges"]
[Date "2012.04.11"]
[Round "5"]
[White "Ramacker, Quinten"]
[Black "Tuerlinckx, Ben"]
[Result "1/2-1/2"]
[WhiteElo "1675"]
[BlackElo "1870"]
[PlyCount "23"]
[EventDate "2012.04.08"]
[EventType "swiss"]
[EventRounds "9"]
[EventCountry "BEL"]
[SourceTitle "EXT 2013"]
[Source "ChessBase"]
[SourceDate "2012.11.22"]
[SourceVersion "1"]
[SourceVersionDate "2012.11.22"]
[SourceQuality "1"]

1. e4 d6 2. d4 Nf6 3. Bd3 e5 4. c3 Be7 5. f4 Nbd7 6. Nf3 c6 7. 0-0 0-0 8. Kh1 Qc7 9. Be3 a5 10. a4 b6 11. fxe5 dxe5 12. dxe5 1/2-1/2

[Event "BEL-ch U14"]
[Site "Houffalize"]
[Date "2011.04.21"]
[Round "7"]
[White "Tuerlinckx, Ben"]
[Black "Ramacker, Quinten"]
[Result "1-0"]
[WhiteElo "1945"]
[BlackElo "1727"]
[PlyCount "45"]
[EventDate "2011.04.17"]
[EventType "swiss"]
[EventRounds "9"]
[EventCountry "BEL"]
[SourceTitle "EXT 2012"]
[Source "ChessBase"]
[SourceDate "2011.11.24"]
[SourceVersion "1"]
[SourceVersionDate "2011.11.24"]
[SourceQuality "1"]

1. e4 c5 2. Nf3 g6 3. d4 cxd4 4. Nxd4 Bg7 5. Nc3 Nc6 6. Be3 Nf6 7. Bc4 Qa5 8. 0-0 Qb4 9. Bb3 Nxe4 10. Nxc6 dxc6 11. a3 Qd6 12. Nxe4 Qxd1 13. Raxd1 Bxb2 14. Bd4 Bxd4 15. Rxd4 0-0 16. Rfd1 Kg7 17. f3 a5 18. a4 b5 19. Nc5 h5 20. h3 g5 21. g4 hxg4 22. hxg4 f5 23. Rd8 1-0